| 000 | 00436nam a2200145 i 4500 | ||
|---|---|---|---|
| 001 | 55540 | ||
| 003 | ES-MaACL | ||
| 005 | 20230906163151.0 | ||
| 007 | t| | ||
| 008 | 030922s1971 sp ||||1| spa d | ||
| 245 | 0 | 0 | _aDesarrollo de leyes constitucionales e integración política. |
| 260 |
_a[Madrid] : _bAsociación para el Estudio de Problemas Actuales, _c1971. |
||
| 300 |
_a131 p. ; _c17 cm. |
||
| 852 |
_aES-MaACL _jC-42100 _bR.78547 |
||
| 999 |
_c55540 _d55540 |
||